000
00339nam a2200145Ia 4500
001
R-1407
003
CODICE-MESSINA
005
20260212102507.0
008
260211s9999 xx 000 0 und d
040
_c
importazione_messina
100
_a
Leonard Lo Curto
245
0
_a
Italia Nuova
260
_b
A. Milesi &Figli
942
_2
ddc
_c
BK
999
_c
27910
_d
27910